| 000 | 00363nam a2200145 a 4500 | ||
|---|---|---|---|
| 003 | DLC | ||
| 005 | 20210219152750.0 | ||
| 035 | _aUPN01000060393 | ||
| 245 | 0 | 0 |
_aEVALUATION IN EDUCATION : _bAND INTERNATIONAL REVIEW SERIES |
| 260 |
_aEUA : _bPergamon Press, Inc. |
||
| 310 | _aIrregular | ||
| 653 | 0 | _aEVALUACION EDUCATIVA | |
| 905 | _aRevista | ||
| 999 |
_c60182 _d60182 |
||